Simplified Flags #3 - Statistics

General Stats
  • This quiz has been taken 14 times
  • The average score is 25 of 28
Answer Stats
Picture Answer % Correct
France
100%
Lebanon
100%
Algeria
92%
Austria
92%
Belarus
92%
Cyprus
92%
East Timor
92%
Indonesia
92%
Japan
92%
Kazakhstan
92%
Laos
92%
Latvia
92%
Morocco
92%
Myanmar
92%
Nepal
92%
Palau
92%
Poland
92%
Saudi Arabia
92%
Singapore
92%
Thailand
92%
Tunisia
92%
Equatorial Guinea
85%
Lithuania
85%
Monaco
85%
Nauru
85%
Netherlands
85%
Saint Vincent and the Grenadines
85%
Tuvalu
77%
No matching quizzes found
Score Distribution
Percent of People with Each Score
Percentile by Number Answered
Your Score History
You have not taken this quiz